000 00300cam a22001097a 4500
008 180718b1957 xxu||||| |||| 00| 0 eng d
082 _aA6x5452 M267t
245 _aTanjore district handbook
_cby B.S. Baliga
260 _aMadras
_bGovernment of Madras
_c1957
300 _a464+p.
700 _aBaliga, B.S.
999 _c487345
_d487345